General college chemistry

Saved in:
Bibliografiske detaljer
Main Authors: Keenan, Charles W (Author), Wood, Jesse H (Author)
Format: Bog
Sprog:engelsk
Udgivet: Nueva York Harper & Row 1966
Udgivelse:3a. ed
Fag:
Tags: Tilføj Tag
Ingen Tags, Vær først til at tagge denne postø!

MARC

LEADER 00000nam a2200000 a 4500
001 UCT2401
003 CL-VaPUC
008 961011e19660000US |||||||||||||||||eng|d
082 0 4 |a 540  |b KEE  |2 21 
100 0 |a Keenan, Charles W  |e author  |9 371442 
700 0 |a Wood, Jesse H  |e author  |9 371443 
245 1 0 |a General college chemistry 
250 |a 3a. ed 
300 |a 814 p 
942 |c BK 
945 |d 19961011 00:00:00  |a paguirre 
260 |a Nueva York  |b Harper & Row  |c 1966 
650 0 |a Química  |9 259896 
650 7 |a MEDIDA  |2 CL-VaPUC  |9 360062 
650 0 |a Química analítica  |9 259648 
650 0 |a Cinética  |9 260943 
650 0 |a Reacciones químicas  |9 259438 
650 7 |a EQUILIBRIOS QUIMICOS  |2 CL-VaPUC  |9 336637 
650 0 |a Electroquímica  |9 263973 
650 0 |a Oxidación  |9 326616 
650 0 |a Química orgánica   |9 259426 
583 |a last modification  |c 19961011 00:00:00  |k Rodrigo Vera 
999 |c 252517  |d 252515